Schaum's outline of theory and problems of college algebra / (Record no. 1339)

MARC details
000 -LEADER
fixed length control field 01295nac a22003371i 4500
003 - CONTROL NUMBER IDENTIFIER
control field EG-ScBUE
005 - DATE AND TIME OF LATEST TRANSACTION
control field 20250323092914.0
008 - FIXED-LENGTH DATA ELEMENTS--GENERAL INFORMATION
fixed length control field 250309s2000 ii a f 001 0 eng d
020 ## - INTERNATIONAL STANDARD BOOK NUMBER
International Standard Book Number 0070435286
020 ## - INTERNATIONAL STANDARD BOOK NUMBER
International Standard Book Number 9780070435285
040 ## - CATALOGING SOURCE
Original cataloging agency EG-ScBUE
Language of cataloging eng
Description conventions rda
Transcribing agency EG-ScBUE
Modifying agency EG-ScBUE
082 04 - DEWEY DECIMAL CLASSIFICATION NUMBER
Classification number 512.9
Item number SPI
Edition number 22
100 1# - MAIN ENTRY--PERSONAL NAME
Personal name Spiegel, Murray R.,
Relator term author.
245 10 - TITLE STATEMENT
Title Schaum's outline of theory and problems of college algebra /
Statement of responsibility, etc Murray R. Speigel, Ph.D., former professor and chairman mathematics department, Rensselear polytechnic Institute, Hartford graduate center, Robert E. Moyer, Ph.D., professor of mathematics, Fort Valley state university.
246 30 - VARYING FORM OF TITLE
Title proper/short title Theory and problems of college algebra
246 30 - VARYING FORM OF TITLE
Title proper/short title College algebra
250 ## - EDITION STATEMENT
Edition statement Second edition.
264 #1 - PUBLICATION, DISTRIBUTION, ETC. (IMPRINT)
Place of publication, distribution, etc New Delhi :
Name of publisher, distributor, etc Tata McGraw-Hill Publishing Company Limited,
Date of publication, distribution, etc 2000.
300 ## - PHYSICAL DESCRIPTION
Extent x, 405 pages :
Other physical details illustrations ;
Dimensions 28 cm.
336 ## - CONTENT TYPE
Source rdacontent
Content type term text
Content type code txt
337 ## - MEDIA TYPE
Media type term unmediated
Source rdamedia
Media type code n
338 ## - CARRIER TYPE
Carrier type term volume
Carrier type code nc
Source rdacarrier
490 0# - SERIES STATEMENT
Series statement Schaum's outline series
500 ## - GENERAL NOTE
General note Previous edition : 1998.
500 ## - GENERAL NOTE
General note Includes index.
500 ## - GENERAL NOTE
General note Includes Appendices.
650 #7 - SUBJECT ADDED ENTRY--TOPICAL TERM
Topical term or geographic name as entry element Algebra.
Source of heading or term BUEsh
655 ## - INDEX TERM--GENRE/FORM
Form subdivision Reading book
700 1# - ADDED ENTRY--PERSONAL NAME
Personal name Moyer, Robert E.,
Relator term author.
942 ## - ADDED ENTRY ELEMENTS (KOHA)
Koha item type Book - Borrowing
Source of classification or shelving scheme Dewey Decimal Classification
Holdings
Withdrawn status Lost status Source of classification or shelving scheme Damaged status Not for loan Collection code Home library Current library Shelving location Date acquired Source of acquisition Total Checkouts Full call number Barcode Date last seen Price effective from Koha item type
    Dewey Decimal Classification     Baccah Central Library Central Library First floor 04/09/2006 Purchase   512.9 SPI 000003124 15/07/2025 04/09/2006 Book - Borrowing
    Dewey Decimal Classification     Baccah Central Library Central Library First floor 04/09/2006 Purchase   512.9 SPI 000003123 15/07/2025 04/09/2006 Book - Borrowing